Score 0/16 Timer 04:00
1 Play Today
First Name Surname % Correct
KatnissEverdeen
99.4%
PeetaMellark
85.6%
President CoriolanusSnow
80.1%
EffieTrinket
77.8%
SenecaCrane
72.1%
FinnickOdair
71.1%
HaymitchAbernathy
67.5%
CaesarFlickerman
59.5%
First Name Surname % Correct
JohannaMason
59%
GaleHawthorne
58.8%
PlutarchHeavensbee
52.2%
ClaudiusTemplesmith
48.6%
AlmaCoin
43.9%
AnnieCresta
43.8%
MadgeUndersee
36.7%
Fulvia Cardew
16.3%

You're not logged in!

Compare scores with friends on all Sporcle quizzes.
OR
Log In

Sporcle TV

Today on Sporcle TV


Watch our educational content, quiz creation guides, and fun videos on Sporcle TV.

Show Comments

Extras

Top Quizzes Today


Score Distribution

Paid Content

Your Account Isn't Verified!

In order to create a playlist on Sporcle, you need to verify the email address you used during registration. Go to your Sporcle Settings to finish the process.

Report this User

Report this user for behavior that violates our Community Guidelines.

Details: